[Event "CZE-ch Betsys Online Blitz"]
[Site "Chess.com INT"]
[Date "2021.04.17"]
[Round "3"]
[White "Broz, Petr"]
[Black "Stegl, Petr"]
[Result "1-0"]
[WhiteElo "1892"]
[BlackElo "1789"]
[PlyCount "61"]
[EventDate "2021.04.17"]
[EventType "swiss (blitz)"]
[EventRounds "13"]
[EventCountry "CZE"]
[SourceTitle "CBM 201 Extra"]
[Source "ChessBase"]
[SourceDate "2021.05.31"]
[SourceVersion "1"]
[SourceVersionDate "2021.05.31"]
[SourceQuality "1"]

1. e4 c5 2. b4 cxb4 3. a3 Nc6 4. d4 d5 5. e5 Bf5 6. axb4 Nxb4 7. Bd3 Bxd3 8. cxd3 Nc6 9. Ne2 e6 10. 0-0 Bb4 11. Ba3 Bxa3 12. Nxa3 Nge7 13. Nb5 0-0 14. Nd6 b6 15. g4 Nc8 16. Nxc8 Qxc8 17. f4 Qb7 18. Qe1 a5 19. Qh4 b5 20. f5 exf5 21. gxf5 f6 22. e6 Qb6 23. Rf3 Ne7 24. Rh3 h6 25. Qg4 Kh8 26. Kh1 Nc6 27. Rg1 Ra7 28. Qg6 Nxd4 29. Rxh6+ gxh6 30. Qxh6+ Rh7 31. Qxf8# 1-0

[Event "CZE-ch Betsys Online Blitz"]
[Site "Chess.com INT"]
[Date "2021.04.17"]
[Round "2"]
[White "Stegl, Petr"]
[Black "Bara, Josef Sr"]
[Result "1-0"]
[WhiteElo "1789"]
[BlackElo "1406"]
[PlyCount "91"]
[EventDate "2021.04.17"]
[EventType "swiss (blitz)"]
[EventRounds "13"]
[EventCountry "CZE"]
[SourceTitle "CBM 201 Extra"]
[Source "ChessBase"]
[SourceDate "2021.05.31"]
[SourceVersion "1"]
[SourceVersionDate "2021.05.31"]
[SourceQuality "1"]

1. e4 e6 2. Nf3 d5 3. exd5 exd5 4. d4 Nf6 5. Bd3 Be7 6. h3 0-0 7. 0-0 c6 8. Bf4 Nbd7 9. Re1 Re8 10. Nbd2 Nb6 11. b3 c5 12. c4 dxc4 13. Nxc4 Nxc4 14. Bxc4 b6 15. d5 Bb7 16. d6 Bf8 17. Rxe8 Qxe8 18. Ne5 Rd8 19. Bxf7+ Qxf7 20. Nxf7 Kxf7 21. Qd3 Ne4 22. Re1 Nxd6 23. Bxd6 Rxd6 24. Qf5+ Kg8 25. Re8 Rf6 26. Qd7 Ba6 27. Qxa7 Bb5 28. a4 Bxe8 29. a5 bxa5 30. Qxa5 Bc6 31. f3 Rg6 32. Kf2 h6 33. Qc7 Rd6 34. Qc8 Bb5 35. Qf5 Rd2+ 36. Kg3 Bd6+ 37. f4 Rd3+ 38. Kg4 Rxb3 39. Qe6+ Kh7 40. Qxb3 Bd7+ 41. Kg3 Kg6 42. Qd3+ Kf6 43. Qxd6+ Be6 44. Qxc5 g5 45. Qe5+ Ke7 46. f5 1-0

[Event "CZE-ch Betsys Online Blitz"]
[Site "Chess.com INT"]
[Date "2021.04.17"]
[Round "7"]
[White "Stegl, Petr"]
[Black "Garabik, Marek"]
[Result "1-0"]
[WhiteElo "1789"]
[BlackElo "1555"]
[PlyCount "65"]
[EventDate "2021.04.17"]
[EventType "swiss (blitz)"]
[EventRounds "13"]
[EventCountry "CZE"]
[SourceTitle "CBM 201 Extra"]
[Source "ChessBase"]
[SourceDate "2021.05.31"]
[SourceVersion "1"]
[SourceVersionDate "2021.05.31"]
[SourceQuality "1"]

1. e4 e6 2. Nf3 d5 3. exd5 exd5 4. d4 Nc6 5. Bd3 Bd6 6. 0-0 Nge7 7. Bg5 f6 8. Bh4 Bg4 9. h3 Bh5 10. c3 Qd7 11. Nbd2 0-0-0 12. Bb5 g5 13. Bg3 Bxg3 14. fxg3 g4 15. hxg4 Bxg4 16. Qe2 Rdg8 17. Rae1 Re8 18. Qf2 f5 19. Ne5 Qd6 20. Nf7 Qg6 21. Nxh8 Rxh8 22. Nf3 h5 23. Nh4 Qd6 24. Qf4 Qd7 25. Bxc6 Nxc6 26. Re3 Ne7 27. Rfe1 Re8 28. Qe5 Kd8 29. Qf6 f4 30. Re5 fxg3 31. Ng6 Kc8 32. Nxe7+ Rxe7 33. Rxe7 1-0

[Event "CZE-ch Betsys Online Blitz"]
[Site "Chess.com INT"]
[Date "2021.04.17"]
[Round "12"]
[White "Vesely, Tomas"]
[Black "Stegl, Petr"]
[Result "1-0"]
[WhiteElo "1998"]
[BlackElo "1789"]
[PlyCount "163"]
[EventDate "2021.04.17"]
[EventType "swiss (blitz)"]
[EventRounds "13"]
[EventCountry "CZE"]
[SourceTitle "CBM 201 Extra"]
[Source "ChessBase"]
[SourceDate "2021.05.31"]
[SourceVersion "1"]
[SourceVersionDate "2021.05.31"]
[SourceQuality "1"]

1. c4 e5 2. Nc3 Nf6 3. g3 Bc5 4. Bg2 0-0 5. e3 Nc6 6. Nf3 d6 7. 0-0 Bg4 8. h3 Bh5 9. g4 Bg6 10. d4 exd4 11. exd4 Bb4 12. Bg5 h6 13. Bxf6 Qxf6 14. Nd5 Qd8 15. a3 Ba5 16. b4 Bb6 17. c5 dxc5 18. dxc5 Ne7 19. Nxe7+ Qxe7 20. cxb6 cxb6 21. Qb3 h5 22. Rfe1 Qf6 23. g5 Qf4 24. Qe3 Qf5 25. Nh4 Qc2 26. Rac1 Qd3 27. Qxd3 Bxd3 28. Rc7 Rac8 29. Ree7 Rxc7 30. Rxc7 Re8 31. Bd5 Re1+ 32. Kg2 Be4+ 33. Bxe4 Rxe4 34. Nf3 a5 35. bxa5 bxa5 36. Rxb7 Ra4 37. Rb3 f6 38. gxf6 gxf6 39. Kg3 Kg7 40. Nh4 Kh6 41. f4 Rd4 42. Kf3 Rc4 43. Nf5+ Kg6 44. Ne3 Rd4 45. Rc3 Ra4 46. h4 Rd4 47. f5+ Kh6 48. Kg3 Re4 49. Nd5 Re5 50. Nxf6 Rxf5 51. Rc6 Kg7 52. Ne4 Re5 53. Kf4 Rb5 54. Rc5 Rb3 55. Rxa5 Kh6 56. a4 Rb1 57. Ra6+ Kg7 58. a5 Ra1 59. Kg5 Ra4 60. Nf6 Rd4 61. Ra7+ Kf8 62. Nxh5 Rd5+ 63. Kg6 Rd6+ 64. Nf6 Rc6 65. h5 Rc1 66. h6 Rg1+ 67. Kf5 Rf1+ 68. Ke5 Re1+ 69. Ne4 Kg8 70. h7+ Kh8 71. Ra8+ Kxh7 72. a6 Ra1 73. a7 Kg7 74. Kd6 Rd1+ 75. Kc6 Rc1+ 76. Nc5 Ra1 77. Kb7 Rb1+ 78. Kc6 Ra1 79. Nd7 Rc1+ 80. Kb7 Rb1+ 81. Nb6 Ra1 82. Rc8 1-0

[Event "CZE-ch Betsys Online Blitz"]
[Site "Chess.com INT"]
[Date "2021.04.17"]
[Round "8"]
[White "Zigo, Viktor"]
[Black "Stegl, Petr"]
[Result "1-0"]
[WhiteElo "2214"]
[BlackElo "1789"]
[PlyCount "83"]
[EventDate "2021.04.17"]
[EventType "swiss (blitz)"]
[EventRounds "13"]
[EventCountry "CZE"]
[SourceTitle "CBM 201 Extra"]
[Source "ChessBase"]
[SourceDate "2021.05.31"]
[SourceVersion "1"]
[SourceVersionDate "2021.05.31"]
[SourceQuality "1"]

1. e4 c5 2. Nf3 Nc6 3. g3 e6 4. d3 Nf6 5. Bg2 Be7 6. 0-0 0-0 7. Re1 d6 8. c3 e5 9. h3 h6 10. Na3 a6 11. Nc2 b5 12. d4 c4 13. d5 Nb8 14. a4 Nbd7 15. axb5 a5 16. Na3 Nb6 17. Nd2 Bd7 18. Bf1 Qc8 19. Kh2 g5 20. Ndxc4 Nxc4 21. Nxc4 Bxb5 22. Nb6 Qb7 23. Nxa8 Bxf1 24. Rxf1 Rxa8 25. Qe2 Qd7 26. f3 Nh5 27. Be3 f5 28. exf5 Qxf5 29. g4 Nf4 30. gxf5 Nxe2 31. Rfe1 Nf4 32. Bxf4 gxf4 33. Rg1+ Kf7 34. Rg6 h5 35. Rag1 Rf8 36. Rg7+ Ke8 37. Ra1 Bd8 38. b4 axb4 39. cxb4 Rxf5 40. Ra8 Rf8 41. b5 Rf7 42. Rxf7 1-0